|
|
|
|
| LEADER |
01239nam a22003257a 4500 |
| 001 |
35954 |
| 003 |
BD-DhAAL |
| 005 |
20211206111540.0 |
| 008 |
200106r20052005si a|||| |||| 00| 0 eng d |
| 999 |
|
|
|c 42121
|d 42121
|
| 020 |
|
|
|a 981018543X
|
| 020 |
|
|
|a 9789810185435
|
| 040 |
|
|
|a BD-DhAAL
|
| 082 |
|
|
|a 510
|2 23
|
| 100 |
|
|
|a Kheong, Fong Ho
|9 38803
|
| 245 |
|
|
|a Maths.
|n 5B, Practice book /
|c Fong Ho Kheong; Chelvi Ramakrishnan; Gan Kee Soon
|
| 260 |
|
|
|a Singapore :
|b Federal Publications,
|c c2005 [reprinted 2005]
|
| 300 |
|
|
|a 160 pages :
|b illustrations ;
|c 26 cm
|
| 490 |
|
|
|a My pals are here!
|
| 526 |
|
|
|a BIED
|
| 541 |
|
|
|a Complimentary copy from BIED
|e 35954
|
| 650 |
|
|
|a Mathematics.
|9 35780
|
| 650 |
|
|
|a Mathematics
|x Problems, exercises, etc.
|9 38811
|
| 650 |
|
|
|a Mathematics
|z Singapore
|x Text books (primary).
|9 38812
|
| 700 |
|
|
|a Ramakrishnan, Chelvi
|9 38804
|
| 700 |
|
|
|a Soon, Gan Kee
|9 38813
|
| 830 |
|
|
|a My pals are here!
|9 38814
|
| 852 |
|
|
|a Ayesha Abed Library
|b BIED Collection
|
| 942 |
|
|
|2 ddc
|c BK
|
| 952 |
|
|
|0 0
|1 0
|2 ddc
|4 0
|6 510_000000000000000_KHE
|7 0
|9 67669
|a BRACUL
|b BRACUL
|c GEN
|d 2020-01-06
|e Complimentary copy from BIED
|l 0
|o 510 KHE
|p 3010035954
|r 2020-01-06
|t 1
|w 2020-01-06
|y BK
|x Transferred from BIED to General Stacks
|